书目信息 |
| 题名: |
既有建筑供能系统节能分析与优化技术
|
|
| 作者: | 赵军 , 马洪亭 , 李德英 主编 | |
| 分册: | ||
| 出版信息: | 北京 中国建筑工业出版社 2011.01 |
|
| 页数: | 332页 | |
| 开本: | 26cm | |
| 丛书名: | ||
| 单 册: | ||
| 中图分类: | TU111.4 | |
| 科图分类: | ||
| 主题词: | 建筑物--jian zhu wu--节能--研究 | |
| 电子资源: | ||
| ISBN: | 978-7-112-12656-9 | |
| 000 | 01168nam0 2200265 450 | |
| 001 | B20110013453 | |
| 005 | 20191024092953.04 | |
| 010 | @a978-7-112-12656-9@dCNY48.00 | |
| 100 | @a20110228d2011 km y0chiy50 ea | |
| 101 | 0 | @achi |
| 102 | @aCN@b110000 | |
| 105 | @aak a 000yy | |
| 200 | 1 | @a既有建筑供能系统节能分析与优化技术@Aji you jian zhu gong neng xi tong jie neng fen xi yu you hua ji shu@f赵军, 马洪亭, 李德英主编 |
| 210 | @a北京@c中国建筑工业出版社@d2011.01 | |
| 215 | @a332页@c图@d26cm | |
| 320 | @a有书目 | |
| 330 | @a书中首先对既有建筑供能系统的特点、统计与评价作了简要介绍;然后详细给出了我国严寒、寒冷地区、过渡地区以及炎热地区既有建筑功能系统节能设计的关键技术;结合工程实例,对既有建筑能量梯级利用的相关技术进行了研究;最后,详细阐述了既有建筑电力系统升级改造的关键技术。 | |
| 333 | @a适用于暖通空调、建筑节能等相关专业研究人员、工程技术人员,建筑运行、维护管理工程技术人员。高等学校相关专业师生。 | |
| 606 | 0 | @a建筑物@Ajian zhu wu@x节能@x研究 |
| 690 | @aTU111.4@v5 | |
| 701 | 0 | @a赵军@Azhao jun@4主编 |
| 701 | 0 | @a马洪亭@Ama hong ting@4主编 |
| 701 | 0 | @a李德英@Ali de ying@4主编 |
| 801 | 0 | @aCN@c20110610 |
| 905 | @dTU111.4@eZ305@f5 | |
| 既有建筑供能系统节能分析与优化技术/赵军, 马洪亭, 李德英主编.-北京:中国建筑工业出版社,2011.01 |
| 332页:图;26cm |
| 使用对象:适用于暖通空调、建筑节能等相关专业研究人员、工程技术人员,建筑运行、维护管理工程技术人员。高等学校相关专业师生。 |
| ISBN 978-7-112-12656-9:CNY48.00 |
| 书中首先对既有建筑供能系统的特点、统计与评价作了简要介绍;然后详细给出了我国严寒、寒冷地区、过渡地区以及炎热地区既有建筑功能系统节能设计的关键技术;结合工程实例,对既有建筑能量梯级利用的相关技术进行了研究;最后,详细阐述了既有建筑电力系统升级改造的关键技术。 |
| ● |
| 相关链接 |
|
|
|
正题名:既有建筑供能系统节能分析与优化技术
索取号:TU111.4/Z305
 
预约/预借
| 序号 | 登录号 | 条形码 | 馆藏地/架位号 | 状态 | 备注 |
| 1 | 1240126 | 212401266 | 建筑库101/101建筑库 24排4列4层/ [索取号:TU111.4/Z305] | 在馆 | |
| 2 | 1240127 | 212401275 | 建筑库101/101建筑库 24排4列4层/ [索取号:TU111.4/Z305] | 在馆 | |
| 3 | 1240128 | 212401284 | 建筑库101/101建筑库 24排4列4层/ [索取号:TU111.4/Z305] | 在馆 | |
| 4 | 1240129 | 212401293 | 建筑库101/101建筑库 24排4列4层/ [索取号:TU111.4/Z305] | 在馆 | |
| 5 | 1240130 | 212401300 | 建筑库101/101建筑库 24排4列4层/ [索取号:TU111.4/Z305] | 在馆 | |
| 6 | 886088 | 208860883 | 建筑库101/101建筑库 24排4列4层/ [索取号:TU111.4/Z305] | 在馆 | |
| 7 | 886089 | 208860892 | 能源与建筑环境工程学院资料室/101建筑库 6排1列2层/ [索取号:TU111.4/Z305] | 在馆 | |
| 8 | 886090 | 208860909 | 能源与建筑环境工程学院资料室/101建筑库 6排1列2层/ [索取号:TU111.4/Z305] | 在馆 | |
| 9 | 886091 | 208860918 | 建筑库101/101建筑库 24排4列4层/ [索取号:TU111.4/Z305] | 在馆 | |
| 10 | 886092 | 208860927 | 建筑库101/101建筑库 24排4列4层/ [索取号:TU111.4/Z305] | 在馆 |